书目信息 |
| 题名: |
浮动的堡垒
|
|
| 作者: | 凌翔 著 | |
| 分册: | ||
| 出版信息: | 北京 中国人民解放军出版社 1999.10 |
|
| 页数: | 175页 | |
| 开本: | 32开 | |
| 丛书名: | ||
| 单 册: | ||
| 中图分类: | E925.6-09 | |
| 科图分类: | ||
| 主题词: | 武器--军事技术 , 军用器材--军事技术 | |
| 电子资源: | ||
| ISBN: | 7-5065-3718-4 | |
| 000 | 00576nam0 2200205 45 | |
| 001 | 0010271644 | |
| 005 | 20001027163958.2 | |
| 010 | @a7-5065-3718-4@d6.00元 | |
| 100 | @a20001027d1999 km y0chiy0120 ea | |
| 101 | 0 | @achi |
| 105 | @a z 000yy | |
| 200 | 1 | @a浮动的堡垒@AFu Dong De Bao Lei@f凌翔著@FLing Xiang Zhu |
| 210 | @a北京@c中国人民解放军出版社@d1999.10 | |
| 215 | @a175页@d32开 | |
| 606 | 0 | @a武器@x军事技术 |
| 606 | 0 | @a军用器材@x军事技术 |
| 690 | @aE925.6-09@v3 | |
| 701 | 0 | @a凌翔@4著 |
| 801 | @aCN@bPftUser@c20001027 | |
| 905 | @b193400-404@dE925.6-09@eL.516@f5 | |
| 浮动的堡垒/凌翔著.-北京:中国人民解放军出版社,1999.10 |
| 175页;32开 |
| ISBN 7-5065-3718-4:6.00元 |
| ● |
| 相关链接 |
|
|
|
正题名:浮动的堡垒
索取号:E925.6-09/L.516
 
预约/预借
| 序号 | 登录号 | 条形码 | 馆藏地/架位号 | 状态 | 备注 |
| 1 | 193400 | 201934005 | 社科库509/509社科库 127排1列2层/ [索取号:E925.6-09/L.516] | 在馆 | |
| 2 | 193401 | 201934014 | 社科库509/509社科库 127排1列2层/ [索取号:E925.6-09/L.516] | 在馆 | |
| 3 | 193402 | 201934023 | 社科库509/509社科库 127排1列2层/ [索取号:E925.6-09/L.516] | 在馆 | |
| 4 | 193403 | 201934032 | 社科库509/509社科库 127排1列2层/ [索取号:E925.6-09/L.516] | 在馆 | |
| 5 | 193404 | 201934041 | 社科库509/509社科库 127排1列2层/ [索取号:E925.6-09/L.516] | 在馆 |